|
|
|
|
| LEADER |
00000nam1a2200000 4500 |
| 001 |
40767 |
| 005 |
20231031013333.0 |
| 010 |
|
|
|a 5020043265
|
| 035 |
|
|
|a (RuTPU)RU\TPU\book\41829
|
| 090 |
|
|
|a 40767
|
| 100 |
|
|
|a 20020522d2001 k y0rusy50 ca
|
| 101 |
0 |
|
|a rus
|
| 102 |
|
|
|a RU
|
| 200 |
1 |
|
|a Биологически активные вещества растительного происхождения
|e В 3-х т.
|f Б. Н. Головкин, Р. Н. Руденская, И. А. Трофимова, А. И. Шретер
|g Российская академия наук; Главный Ботанический сад им. Н. В. Цицина
|
| 210 |
|
|
|a Москва
|c Наука
|d 2001-
|
| 300 |
|
|
|a Авторы указаны на обороте титульного листа.
|
| 701 |
|
1 |
|a Головкин
|b Б. Н.
|
| 701 |
|
1 |
|a Руденская
|b Р. Н.
|
| 701 |
|
1 |
|a Трофимова
|b И. А.
|
| 701 |
|
1 |
|a Шретер
|b А. И.
|
| 712 |
0 |
2 |
|a Российская академия наук
|2 stltpush
|3 (RuTPU)RU\TPU\col\51
|
| 712 |
0 |
2 |
|a Главный Ботанический сад им. Н. В. Цицина
|
| 801 |
|
1 |
|a RU
|b 63413507
|c 20020522
|g PSBO
|
| 801 |
|
2 |
|a RU
|b 63413507
|c 20060720
|g PSBO
|
| 942 |
|
|
|c BK
|